| Tag |
First Indicator |
Second Indicator |
Subfields |
| LEADER |
00000cam a22000004a 4500 |
| 001 |
in00002395708 |
| 005 |
20151109061622.0 |
| 008 |
071130s2008 nyuab b 001 0deng |
| 010 |
|
|
|a 2007049236
|
| 020 |
|
|
|a 9780814799802 (cloth : alk. paper)
|
| 020 |
|
|
|a 0814799809 (cloth : alk. paper)
|
| 035 |
|
|
|a (OCoLC)ocn182529014
|
| 040 |
|
|
|a DLC
|c DLC
|d UtOrBLW
|
| 043 |
|
|
|a n-us-pa
|a n-us---
|
| 049 |
|
|
|a TXAM
|
| 050 |
0 |
0 |
|a F158.9.A1
|b B34 2008
|
| 082 |
0 |
0 |
|a 306.44089/31074811
|2 22
|
| 100 |
1 |
|
|a Baer, Friederike.
|
| 245 |
1 |
4 |
|a The trial of Frederick Eberle :
|b language, patriotism, and citizenship in Philadelphia's German community, 1790 to 1830 /
|c Friederike Baer.
|
| 264 |
|
1 |
|a New York :
|b New York University Press,
|c [2008]
|
| 264 |
|
4 |
|c ©2008
|
| 300 |
|
|
|a viii, 272 pages :
|b illustrations, map ;
|c 24 cm.
|
| 336 |
|
|
|a text
|b txt
|2 rdacontent
|
| 337 |
|
|
|a unmediated
|b n
|2 rdamedia
|
| 338 |
|
|
|a volume
|b nc
|2 rdacarrier
|
| 504 |
|
|
|a Includes bibliographical references (pages 245-264) and index.
|
| 651 |
|
0 |
|a Philadelphia (Pa.)
|x Ethnic relations
|x History
|y 18th century.
|
| 651 |
|
0 |
|a Philadelphia (Pa.)
|x Ethnic relations
|x History
|y 19th century.
|
| 600 |
1 |
0 |
|a Eberle, Frederick
|v Trials, litigation, etc.
|
| 650 |
|
0 |
|a Trials (Conspiracy)
|z Pennsylvania
|z Philadelphia.
|
| 650 |
|
0 |
|a Language question in the church
|z Pennsylvania
|z Philadelphia
|x History.
|
| 650 |
|
0 |
|a Lutherans, German
|z Pennsylvania
|z Philadelphia
|x Social conditions.
|
| 650 |
|
0 |
|a Immigrants
|z Pennsylvania
|z Philadelphia
|x Social conditions.
|
| 650 |
|
0 |
|a Language maintenance
|z United States
|v Case studies.
|
| 650 |
|
0 |
|a Patriotism
|z United States
|v Case studies.
|
| 650 |
|
0 |
|a Citizenship
|z United States
|v Case studies.
|
| 945 |
|
|
|a PromptCat
|
| 946 |
|
|
|a stk
|
| 947 |
|
|
|a A14836796589
|
| 948 |
|
|
|a cataloged
|b h
|c 2008/6/6
|d c
|e dmitchel
|f 3:30:30 pm
|
| 994 |
|
|
|a 92
|b TXA
|
| 999 |
|
|
|a MARS
|
| 999 |
f |
f |
|s 515c4557-ae0e-3862-b4ac-a525ade650e7
|i 4845619c-4d51-33e6-b56b-7f3ca4db7817
|t 0
|
| 952 |
f |
f |
|p ric
|a Texas A&M University
|b Rellis Campus
|c Joint Library Facility
|d Remote Storage
|t 0
|e F158.9.A1 B34 2008
|h Library of Congress classification
|i unmediated -- volume
|m A14836796589
|
| 998 |
f |
f |
|a F158.9.A1 B34 2008
|t 0
|l Remote Storage
|